000 00985nam a2200265 u 4500
005 20230510063512.0
008 190328s2012 mx aob br 000 0 spa d
020 _a9786075140001
035 _aUPN01000229838
040 _aMX-MxUPN
_bspa
050 4 _aLB1582 M63
_bB8 2012
100 1 _948820
_aGonzález Cruz, Edith
100 1 _948821
_aMeza Osuna, Alicia
100 1 _948822
_aRobles Gil Mestre, Sandra
245 0 0 _aBaja California Sur :
_bla entidad donde vivo : 3 grado
250 _aSegunda edición
260 _aMéxico, D.F. :
_bSecretaría de Educación Pública, Dirección General de Materiales Educativos,
_c2012.
300 _a153 páginas :
_bilustraciones a color, fotografías, mapas
650 7 _914611
_aEducación primaria
_vLibros de texto
651 7 _aBaja California Sur
_xHistoria
_2
_98640
651 7 _aBaja California Sur
_xDescripción y viajes
_2
_94172
902 _bVíctorGodínez/090523
942 _cLIBRO
_2lcc
999 _c201933
_d201933